000 00771nam a22001577a 4500
003 OSt
005 20150918111038.0
008 150918b xxu||||| |||| 00| 0 eng d
040 _cRUA
082 _aAGR PAN 2004 B030 Or.1
100 _9749
_aPANN, VISAL.
245 _ayield comparision of early rice varieties at the royal university of agriculture experiment station in the wet season 2003 (​សិក្សាប្រៀបធៀបទិន្នផលស្រូវស្រាល នៅស្ថានីយ៍ពិសោធន៍សាកលវិទ្យាល័យភូមិន្ទដសិកម្មនារដូវវស្សាឆ្នាំ ២០០៣)
260 _aPhnom Penh
_bRUA
_c2004
300 _a49p.
_bill.
_c29cm.
942 _2ddc
_cAGR
999 _c718
_d718